Szczegóły MARC21

Wykładnia funkcjonalna w działalności najwyższych organów władzy sądowniczej /

003 -Nazwa inst., której nr kontr. jest w polu 001 [,]
    • @
    • Nazwa instytucji, której n kontrolny jest w polu 001
    • NUKAT
005 -DATA I CZAS OSTATNIEJ MODYFIKACJI [,]
    • @
    • pole kontrolne
    • 20241231112228.0
020 -Międzynarod. znormalizowany nr książki - ISBN [ , ]
    • a
    • Numer ISBN
    • 9788393308729 Find
040 -Instytucja sporządzająca opis [ , ]
    • a
    • Instytucja, która sporządziła opis (NP)
    • WR U/PAd
    • c
    • Instytucja, która sporządziła rekord (NP)
    • WR U/jm
    • d
    • Instytucja, która zmodyfikowała rekord (P)
    • WR U/jm
    • d
    • Instytucja, która zmodyfikowała rekord (P)
    • WR U/AWs
    • d
    • Instytucja, która zmodyfikowała rekord (P)
    • KR U/MWs
942 -Rodzaj dokumentu [ , ]
    • c
    • Rodzaj dokumentu
    • Książka
100 -Hasło główne - nazwa osobowa [1, ]
    • a
    • Nazwa osobowa (NP)
    • Bogucki, Olgierd.
    • 9
    • KHW
    • 43343
245 -Strefa tytułu i oznaczenia odpowiedzialności [1,0]
    • a
    • Tytuł
    • Wykładnia funkcjonalna w działalności najwyższych organów władzy sądowniczej / Find
    • c
    • Pozostałe elementy strefy tytułu i oznaczenia odpowiedzialności (NP)
    • Olgierd Bogucki.
260 -Strefa adresu wydawniczego [ , ]
    • a
    • Miejsce wydania (P)
    • Szczecin :
    • b
    • Nazwa wydawcy (P)
    • Wydział Prawa i Administracji Uniwersytetu Szczecińskiego,
    • c
    • Data wydania (P)
    • 2011.
300 -Strefa opisu fizycznego [ , ]
    • a
    • Określenie formy książki i/lub objętość (NP)
    • 315 s. ;
    • c
    • Format (NP)
    • 21 cm.
336 -Typ zawartości [ , ]
    • a
    • Termin opisujący typ zawartości
    • Tekst
    • b
    • Kod określający zawartość
    • txt
    • 2
    • Źródło (terminu i kodu)
    • rdacontent
337 -Typ mediów [ , ]
    • a
    • Tryb odtwarzania
    • Bez urządzenia pośredniczącego
    • b
    • Kod typu mediów
    • n
    • 2
    • Źródło (terminu i kodu)
    • rdamedia
338 -Typ/rodzaj nośnika [ , ]
    • a
    • Hasło opisujące typ nośnika
    • Wolumin
    • b
    • Kod typu nośnika
    • nc
    • 2
    • Źródło (terminu i kodu)
    • rdacarrier
500 -Uwaga ogólna [ , ]
    • a
    • Uwaga ogólna (NP)
    • Publikacja stanowi nieznacznie zm. wersję rozprawy doktorskiej pt. Wykładnia funkcjonalna w orzecznictwie Trybunału Konstytucyjnego, Sądu Najwyższego oraz Naczelnego Sądu Administracyjnego" (Uniw. Szczeciński, 2011).
504 -Uwaga dot. bibliogr. załącznikowej [ , ]
    • a
    • Uwaga dot. bibliografii załącznikowej
    • Bibliogr. s. 311-315.
080 -Uniwersalna Klasyfikacja Dziesiętna [ , ]
    • 2
    • Identyfikator wydania tablic
    • UDC-P058
    • 9
    • UKD
    • 3349
    • a
    • Symbol klasyfikacji
    • 340.12
    • b
    • Dopowiedzenie
    • Kierunki teorii prawa. Filozofia prawa. Teoria państwa i prawa. Doktryny prawne.
080 -Uniwersalna Klasyfikacja Dziesiętna [ , ]
    • 2
    • Identyfikator wydania tablic
    • UDC-P058
    • 9
    • UKD
    • 3590
    • a
    • Symbol klasyfikacji
    • 347.97/.99
    • b
    • Dopowiedzenie
    • Organizacja wymiaru sprawiedliwości. Ustrój sądów. Sąd Najwyższy. Sądy apelacyjne. Sądy wojewódzkie i powiatowe. Społeczne komisje rozjemcze.
650 -Hasło przedmiotowe [ ,7]
    • a
    • Hasło przedmiotowe
    • Prawo
    • x
    • Określnik rzeczowy
    • interpretacja.
    • 2
    • Źródło terminu
    • kaba
    • 9
    • KHW
    • 125685
650 -Hasło przedmiotowe [ ,7]
    • a
    • Hasło przedmiotowe
    • Prawo
    • x
    • Określnik rzeczowy
    • metodologia.
    • 2
    • Źródło terminu
    • kaba
    • 9
    • KHW
    • 125692
650 -Hasło przedmiotowe [ ,7]
    • a
    • Hasło przedmiotowe
    • Prawo
    • x
    • Określnik rzeczowy
    • stosowanie.
    • 2
    • Źródło terminu
    • kaba
    • 9
    • KHW
    • 152630
650 -Hasło przedmiotowe [ ,7]
    • a
    • Hasło przedmiotowe
    • Pytanie prejudycjalne (prawo).
    • 2
    • Źródło terminu
    • kaba
    • 9
    • KHW
    • 174755
650 -Hasło przedmiotowe [ ,7]
    • a
    • Hasło przedmiotowe
    • Władza dyskrecjonalna sędziów.
    • 2
    • Źródło terminu
    • kaba
    • 9
    • KHW
    • 169981
650 -Hasło przedmiotowe [ ,7]
    • a
    • Hasło przedmiotowe
    • Orzecznictwo
    • x
    • Określnik rzeczowy
    • badania
    • z
    • Określnik geograficzny
    • Polska.
    • 2
    • Źródło terminu
    • kaba
    • 9
    • KHW
    • 366516
980 -Symbol UKD [ , ]
    • a
    • UKD
    • 340.12:347.97/.99
920 -ISBN [ , ]
    • a
    • ISBN
    • 978-83-933087-2-9 Find
Status udost. Sygnatura Data inwentaryzacji Lokalizacja Numer inwentarzowy Obwoluta
1SA.208522012-03-06BSASA.208521
-3SA.208532012-03-06BSASA.208531
-3SA.208512012-03-06BSASA.208511
-3SA.208542012-03-06BSASA.208541
-2342015-09-03GWGW.4819